<?xml version="1.0" encoding="UTF-8"?>
<record
    xmlns:xsi="http://www.w3.org/2001/XMLSchema-instance"
    xsi:schemaLocation="http://www.loc.gov/MARC21/slim http://www.loc.gov/standards/marcxml/schema/MARC21slim.xsd"
    xmlns="http://www.loc.gov/MARC21/slim">

  <leader>02148nam a2200337 a 4500</leader>
  <controlfield tag="001">000018717</controlfield>
  <controlfield tag="003">DO-SdBNP</controlfield>
  <controlfield tag="005">20211026130215.0</controlfield>
  <controlfield tag="007">000018717</controlfield>
  <controlfield tag="008">100514t2010    dr            001 0dspa d</controlfield>
  <datafield tag="020" ind1=" " ind2=" ">
    <subfield code="a">9789945020984</subfield>
  </datafield>
  <datafield tag="040" ind1=" " ind2=" ">
    <subfield code="a">BPMSU</subfield>
    <subfield code="b">spa</subfield>
    <subfield code="c">BPMSU</subfield>
  </datafield>
  <datafield tag="082" ind1=" " ind2=" ">
    <subfield code="a">923.9</subfield>
    <subfield code="b">C719V 2010</subfield>
    <subfield code="2">22</subfield>
  </datafield>
  <datafield tag="100" ind1="1" ind2=" ">
    <subfield code="a">Varela, Consuelo</subfield>
  </datafield>
  <datafield tag="245" ind1="1" ind2="0">
    <subfield code="a">Crist&#xF3;bal Col&#xF3;n y la construcci&#xF3;n de un mundo nuevo :</subfield>
    <subfield code="b">estudios, 1983-2008 /</subfield>
    <subfield code="c">Consuelo Varela ; presentaci&#xF3;n Roberto Cass&#xE1; ; edici&#xF3;n Andr&#xE9;s Blanco D&#xED;az.</subfield>
  </datafield>
  <datafield tag="260" ind1=" " ind2=" ">
    <subfield code="a">Santo Domingo :</subfield>
    <subfield code="b">Archivo General de la Naci&#xF3;n,</subfield>
    <subfield code="c">2010.</subfield>
  </datafield>
  <datafield tag="300" ind1=" " ind2=" ">
    <subfield code="a">641 p. ;</subfield>
    <subfield code="c">23 cm.</subfield>
  </datafield>
  <datafield tag="490" ind1="0" ind2=" ">
    <subfield code="a">Archivo General de la Naci&#xF3;n</subfield>
    <subfield code="v">107</subfield>
  </datafield>
  <datafield tag="500" ind1=" " ind2=" ">
    <subfield code="a">Incluye referencias bibliogr&#xE1;ficas  y notas al pie de las p&#xE1;ginas.</subfield>
  </datafield>
  <datafield tag="505" ind1="0" ind2=" ">
    <subfield code="g">Presentaci&#xF3;n /</subfield>
    <subfield code="r">Roberto Cass&#xE1; --</subfield>
    <subfield code="g">Introducci&#xF3;n --</subfield>
    <subfield code="g">I.- El personaje :</subfield>
    <subfield code="t">La persona --</subfield>
    <subfield code="t">Las relaciones con el poder --</subfield>
    <subfield code="t">Viajero por Espa&#xF1;a y Portugal --</subfield>
    <subfield code="t">Los viajes al nuevo mundo --</subfield>
    <subfield code="g">II.- La familia y los amigos :</subfield>
    <subfield code="t">La familia --</subfield>
    <subfield code="t">Los amigos --</subfield>
    <subfield code="g">III.- Los escritos de Crist&#xF3;bal Col&#xF3;n :</subfield>
    <subfield code="g">IV.- La colonizaci&#xF3;n del nuevo mundo :</subfield>
    <subfield code="t">Los acompa&#xF1;antes --</subfield>
    <subfield code="t">Cara y cruz de la colonizaci&#xF3;n --</subfield>
    <subfield code="t">V.- Col&#xF3;n y la leyenda :</subfield>
    <subfield code="t">El taller historiogr&#xE1;fico colombino --</subfield>
    <subfield code="t">La construci&#xF3;n de la identidad --</subfield>
    <subfield code="t">Algunas consideraciones sobre Crist&#xF3;bal Col&#xF3;n en la poes&#xED;a italiana del siglo xvi --</subfield>
    <subfield code="t">La imagen de Crist&#xF3;bal Col&#xF3;n en las eleg&#xED;as de varones ilustres de Indias de Juan Castellanos --</subfield>
    <subfield code="t">Col&#xF3;n en la Francia decimon&#xF3;nica --</subfield>
    <subfield code="t">Washington Irvin y su biograf&#xED;a de Crist&#xF3;bal Col&#xF3;n --</subfield>
    <subfield code="t">La supuesta causa de beatificaci&#xF3;n de Crist&#xF3;bal Col&#xF3;n --</subfield>
    <subfield code="t">Ap&#xE9;ndice : N&#xF3;mina de documentos --</subfield>
    <subfield code="g">&#xCD;ndice onom&#xE1;stico.</subfield>
  </datafield>
  <datafield tag="590" ind1=" " ind2=" ">
    <subfield code="6">Inventariado, 2021/VM</subfield>
  </datafield>
  <datafield tag="600" ind1="1" ind2="4">
    <subfield code="a">Col&#xF3;n, Cristobal </subfield>
    <subfield code="d">1451-1506</subfield>
    <subfield code="x">Ensayos, conferencias, etc. </subfield>
  </datafield>
  <datafield tag="651" ind1=" " ind2="4">
    <subfield code="a">Am&#xE9;rica </subfield>
    <subfield code="x">Descubrimiento y exploraciones </subfield>
    <subfield code="x">Ensayos, conferencias, etc. </subfield>
  </datafield>
  <datafield tag="651" ind1=" " ind2="4">
    <subfield code="a">Am&#xE9;rica </subfield>
    <subfield code="x">Descripciones y viajes </subfield>
  </datafield>
  <datafield tag="700" ind1="1" ind2=" ">
    <subfield code="a">Blanco D&#xED;az, Andr&#xE9;s,</subfield>
    <subfield code="e">ed.</subfield>
  </datafield>
  <datafield tag="700" ind1="1" ind2=" ">
    <subfield code="a">Cass&#xE1;, Roberto,</subfield>
    <subfield code="d">1948-</subfield>
  </datafield>
  <datafield tag="830" ind1=" " ind2="0">
    <subfield code="a">Archivo General de la Naci&#xF3;n </subfield>
    <subfield code="n">107</subfield>
  </datafield>
  <datafield tag="910" ind1=" " ind2=" ">
    <subfield code="a">VMateo V. </subfield>
  </datafield>
  <datafield tag="942" ind1=" " ind2=" ">
    <subfield code="2">ddc</subfield>
    <subfield code="c">BK</subfield>
  </datafield>
  <datafield tag="945" ind1=" " ind2=" ">
    <subfield code="a">Inventariado, 2021/VM</subfield>
  </datafield>
  <datafield tag="952" ind1=" " ind2=" ">
    <subfield code="0">0</subfield>
    <subfield code="1">0</subfield>
    <subfield code="2">ddc</subfield>
    <subfield code="4">0</subfield>
    <subfield code="7">0</subfield>
    <subfield code="a">BPMET</subfield>
    <subfield code="b">BPMET</subfield>
    <subfield code="d">2015-08-06</subfield>
    <subfield code="o">BPMSU CD 923.9  C719V 2010</subfield>
    <subfield code="p">BPMSU15080113</subfield>
    <subfield code="r">2015-08-06</subfield>
    <subfield code="w">2015-08-06</subfield>
    <subfield code="y">BK</subfield>
  </datafield>
  <datafield tag="952" ind1=" " ind2=" ">
    <subfield code="0">0</subfield>
    <subfield code="1">0</subfield>
    <subfield code="2">ddc</subfield>
    <subfield code="4">0</subfield>
    <subfield code="7">0</subfield>
    <subfield code="a">BPMET</subfield>
    <subfield code="b">BPMET</subfield>
    <subfield code="d">2015-08-06</subfield>
    <subfield code="e">AGN</subfield>
    <subfield code="l">0</subfield>
    <subfield code="o">ABPMSU CD 923.9  C719V 2010</subfield>
    <subfield code="p">BPMSU21100153</subfield>
    <subfield code="r">2021-10-26</subfield>
    <subfield code="t">e.2</subfield>
    <subfield code="w">2015-08-06</subfield>
    <subfield code="y">BK</subfield>
  </datafield>
  <datafield tag="999" ind1=" " ind2=" ">
    <subfield code="c">8094</subfield>
    <subfield code="d">8094</subfield>
  </datafield>
</record>
